000 00294nam a22001337a 4500
008 170601b xxu||||| |||| 00| 0 eng d
020 _a9780801423734
041 _aeng
080 _a94
100 _a17
101 _aSHH
245 _aWHY SYRIA GOES TO WAR
_cLAWSON.F.H
942 _2udc
_cBK
999 _c15398
_d15398